[Event "Domloup op-B"]
[Site "Domloup"]
[Date "2013.08.30"]
[Round "1"]
[White "Seite, Yamina"]
[Black "Descormier, Natello"]
[Result "1-0"]
[WhiteElo "1600"]
[BlackElo "1340"]
[PlyCount "101"]
[EventDate "2013.08.30"]
[EventType "swiss"]
[EventRounds "5"]
[EventCountry "FRA"]
[SourceTitle "CBM 156 Extra"]
[Source "ChessBase"]
[SourceDate "2013.10.22"]
[SourceVersion "1"]
[SourceVersionDate "2013.10.22"]
[SourceQuality "1"]

1. e4 e6 2. d4 d5 3. exd5 exd5 4. Bd3 Bd6 5. Ne2 Ne7 6. Nbc3 Bb4 7. a3 Bxc3+ 8. bxc3 Bf5 9. Bxf5 Nxf5 10. Qd3 Qf6 11. Qb5+ Qc6 12. c4 0-0 13. Qxd5 Qxd5 14. cxd5 Re8 15. c3 Nd7 16. Rb1 b6 17. Bf4 c5 18. dxc6 Nb8 19. c7 Na6 20. d5 Nc5 21. Rd1 g5 22. Bxg5 Ne4 23. Bd2 Rac8 24. Bf4 Nxc3 25. Rd2 Ne4 26. Rc2 Nf6 27. d6 Nd4 28. Rd2 Nxe2 29. Rxe2 Rxe2+ 30. Kxe2 Re8+ 31. Kf3 Nd7 32. Rc1 Rc8 33. Ke3 Re8+ 34. Kd4 Nc5 35. Kd5 Ne6 36. Be3 Rc8 37. Kc6 Kf8 38. Kd7 Re8 39. c8Q Rxc8 40. Rxc8+ Kg7 41. Ke7 Kg6 42. d7 Ng7 43. d8Q Nf5+ 44. Kd7 Nxe3 45. Qg8+ Kf6 46. Rc6+ Ke5 47. Qg5+ Nf5 48. g4 f6 49. Qxf5+ Kd4 50. Kd6 b5 51. Qd5# 1-0